Promising RRIM rainguard with new sealant (RRIMGUD) (Record no. 65939)

MARC details
000 -LEADER
fixed length control field 00370nam a2200145Ia 4500
100 ## - MAIN ENTRY--AUTHOR NAME
Personal name Sakhibun Bin Mohd Husin
245 #0 - TITLE STATEMENT
Title Promising RRIM rainguard with new sealant (RRIMGUD)
260 ## - PUBLICATION, DISTRIBUTION, ETC. (IMPRINT)
Name of publisher Planters Bulletin
Year of publication 1988
300 ## - PHYSICAL DESCRIPTION
Number of Pages 18-23
650 ## - SUBJECT ADDED ENTRY--TOPICAL TERM
Topical Term Rainguard
650 ## - SUBJECT ADDED ENTRY--TOPICAL TERM
Topical Term RRIMGUD
650 ## - SUBJECT ADDED ENTRY--TOPICAL TERM
Topical Term Rubber
942 ## - ADDED ENTRY ELEMENTS (KOHA)
Koha item type Journals
Holdings
Withdrawn status Lost status Damaged status Not for loan Home library Current library Shelving location Date acquired Serial Enumeration / chronology Koha item type
      Journals RRII Library RRII Library Rubber general 17/12/2021 Volume 194, Issue Journals